| 000 | 00663nam a2200205Ia 4500 | ||
|---|---|---|---|
| 003 | GCL | ||
| 008 | 140319s9999 xx 000 0 ara d | ||
| 040 |
_aGCL / _cGCL |
||
| 082 | 0 | 4 |
_a398 _bم د |
| 100 | 1 |
_aعلياء على شكرى _vContributor _@ _٠شار٠|
|
| 245 | 1 | 0 |
_aدراسات فى علم الفولكور / _cعلياء على شكرى |
| 700 | 1 | _aمحمد الجوهرى | |
| 700 | 1 | _aحسن الخولى | |
| 300 | _a343 ص | ||
| 490 |
_aالهيئة العامة للاستعلامات _v0 |
||
| 650 | 0 | 4 | _aالتراث الشعبى |
| 650 | 0 | 4 | _aالاجتماع، علم |
| 650 | 0 | 4 | _aالفلكلور, علم |
| 942 |
_2ddc _cBK |
||
| 999 |
_c49223 _d49223 |
||